000 01788nam a2200373 a 4500
001 ebr10747512
003 CaPaEBR
006 m o u
007 cr cn|||||||||
008 130124s2013 txu sb 001 0 eng d
010 _z 2013000933
020 _z9780292743823 (cloth : alk. paper)
020 _z9780292743830 (e-book)
040 _aCaPaEBR
_cCaPaEBR
035 _a(OCoLC)857586352
043 _as-cl---
050 1 4 _aHQ1236.5.C5
_bA33 2013eb
082 0 4 _a305.40983
_223
100 1 _aAdams, Jacqueline.
245 1 0 _aArt against dictatorship
_h[electronic resource] :
_bmaking and exporting arpilleras under Pinochet /
_cby Jacqueline Adams.
250 _a1st ed.
260 _aAustin :
_bUniversity of Texas Press,
_c2013.
300 _axii, 297 p.
440 0 _aLouann Atkins Temple women & culture series ;
_vbk. 29
504 _aIncludes bibliographical references and index.
505 0 _aSolidarity art -- Beginnings: unemployment and joining groups -- The first arpillera groups -- Arpillera making in other groups and its spread -- Producing the arpilleras -- Selling arpilleras -- The buyers abroad -- Selling, giving, and exhibiting arpilleras in Chile -- The consequences of arpillera making.
533 _aElectronic reproduction.
_bPalo Alto, Calif. :
_cebrary,
_d2013.
_nAvailable via World Wide Web.
_nAccess may be limited to ebrary affiliated libraries.
650 0 _aWomen
_xPolitical activity
_zChile
_xHistory
_y20th century.
650 0 _aArpilleras.
650 0 _aDecorative arts
_xPolitical aspects
_zChile
_xHistory
_y20th century.
655 7 _aElectronic books.
_2local
710 2 _aebrary, Inc.
856 4 0 _uhttp://site.ebrary.com/lib/rucke/Doc?id=10747512
_zAn electronic book accessible through the World Wide Web; click to view
999 _c15132
_d15132